01213nam a2200277 a 450000100100000000500170001000800410002704000250006808200190009310000410011224501720015326000360032530000270036150000640038850400300045259000260048265000320050865000380054065000310057865000320060965000740064170000480071591000380076395201170080199900170091800001582720200929164152.0100219s1985 dr 001 0 spa d aDO-SdBNPbspacBNPHU a336.271bH565v1 aHerrera Morla, Miguel Ángel93562714aLas ventas condicionales, el régimen de lo percibido y el impuesto sobre la renta diferido /cMiguel Ángel Herrera Morla; prólogo Miguel Bienvenido de la Cruz R. aSanto Domingo :bTaller,c1985. a66 p. :bil. ;c23 cm. aIncluye datos biográficos del autor en la contracubierta. aBibliografía : p. 63-64 aInventariado, 2018/LP 4aVentas condicionales935628 4aImpuestos sobre las ventas935629 4aImpuestos diferidos935630 4aVentasxContabilidad935631 4aImpuestos sobre la rentazRepública DominicanaxContabilidad9356321 aCruz R., Miguel Bienvenido,epról.935633 aValidado. Control de calidad EMS. 0010718PDaPDbPDcHDd2010-02-19iLF1l0o336.271 H565vp15827-10r2020-06-25w2020-06-25yLFPDZNo se presta c15371d15371